000 01002nam a2200241Ia 4500
999 _c39824
_d39824
001 6429
003 GE_BSU
005 20191115154505.0
008 181216s2009||||ge |||||||||||||| ||geo||
020 _a9789941409714
040 _cGE_BSU
041 _ageo
080 _a37.018.1 ბ-52
100 _aბერიძე, არჩილ
_94971
245 _aაღზრდის საძირკველი /
_cარჩილ ბერიძე ; რედ. ნოდარ ბარამიძე.
264 _aბათუმი :
_bშოთა რუსთაველის სახელმწ. უნ-ტის გამ-ბა,
_c2009.
300 _a415 გვ.;
_b21 სმ.
504 _aბიბლიოგრ.: გვ. 405-408.
520 _aრეზ. რუს. და ინგლ.
653 _a ბავშვის აღზრდა ოჯახში
700 _a ბარამიძე, ნოდარ
_eრედაქტორი
_95365
942 _cBK
_2udc